Cultic Doctrines : (Record no. 20520)
[ view plain ]
| 000 -LEADER | |
|---|---|
| fixed length control field | 00391nam a22001337a 4500 |
| 008 - FIXED-LENGTH DATA ELEMENTS--GENERAL INFORMATION | |
| fixed length control field | 241015b |||||||| |||| 00| 0 eng d |
| 020 ## - INTERNATIONAL STANDARD BOOK NUMBER | |
| International Standard Book Number | 9789966262622 |
| 050 ## - LIBRARY OF CONGRESS CALL NUMBER | |
| Classification number | BT77 |
| Item number | .K58 |
| 100 ## - MAIN ENTRY--PERSONAL NAME | |
| Personal name | Kitur, Joseph Kipkorir |
| 245 ## - TITLE STATEMENT | |
| Title | Cultic Doctrines : |
| Remainder of title | Know the truth / by |
| Statement of responsibility, etc. | Joseph Kipkorir Kitur |
| 260 ## - PUBLICATION, DISTRIBUTION, ETC. (IMPRINT) | |
| Place of publication, distribution, etc. | Eldoret, Kenya |
| Name of publisher, distributor, etc. | Utafiti Foundation |
| Date of publication, distribution, etc. | 2004 |
| 300 ## - PHYSICAL DESCRIPTION | |
| Extent | xii, 131p. |
| 942 ## - ADDED ENTRY ELEMENTS (KOHA) | |
| Source of classification or shelving scheme | Library of Congress Classification |
| Koha item type | General Collection |
| Withdrawn status | Lost status | Source of classification or shelving scheme | Not for loan | Home library | Current library | Date acquired | Cost, normal purchase price | Inventory number | Total Checkouts | Full call number | Barcode | Date last seen | Date last checked out | Copy number | Price effective from | Koha item type |
|---|---|---|---|---|---|---|---|---|---|---|---|---|---|---|---|---|
| Library of Congress Classification | Kabarak, Main Campus | Kabarak, Main Campus | 15/10/2024 | 1500.00 | 2024/069 | 2 | BT77 .K58 2004 C.1 | 33751 | 24/04/2026 | 23/02/2026 | C.1 | 15/10/2024 | General Collection | |||
| Library of Congress Classification | Kabarak, Main Campus | Kabarak, Main Campus | 15/10/2024 | 1500.00 | 2024/0688 | 2 | BT77 .K58 2004 C.2 | 33707 | 09/02/2026 | 02/02/2026 | C.2 | 15/10/2024 | General Collection | |||
| Library of Congress Classification | Kabarak, Main Campus | Kabarak, Main Campus | 15/10/2024 | 1500.00 | 2024/0687 | 1 | BT77 .K58 2004 C.3 | 33731 | 24/02/2026 | 23/02/2026 | C.3 | 15/10/2024 | General Collection | |||
| Library of Congress Classification | Kabarak, Main Campus | Kabarak, Main Campus | 15/10/2024 | 1500.00 | 2024/0686 | 1 | BT77 .K58 2004 C.4 | 33734 | 06/02/2026 | 29/01/2026 | C.4 | 15/10/2024 | General Collection | |||
| Library of Congress Classification | Kabarak, Main Campus | Kabarak, Main Campus | 15/10/2024 | 1500.00 | 2024/0685 | 1 | BT77 .K58 2004 C.5 | 33733 | 06/02/2026 | 02/02/2026 | C.5 | 15/10/2024 | General Collection | |||
| Library of Congress Classification | Kabarak, Main Campus | Kabarak, Main Campus | 15/10/2024 | 1500.00 | 2024/0684 | 1 | BT77 .K58 2004 C.6 | 33732 | 12/02/2026 | 02/02/2026 | C.6 | 15/10/2024 | General Collection |